000 00735nam a2200181 i 4500
001 188321
003 ES-MaACL
005 20230906223153.0
008 180807q1975 it |||| | ita d
100 1 _aFiume, Salvatore.
_951079
245 1 0 _aGioconda africana
_b: [omaggio all' Africa di Salvatore Fiume] /
_c[Enzo Gualazzi ; Salvatore Fiume].
260 _a[S.l. :
_bs.n.,
_cca. 1975] (
_eOsnago [Italia] :
_fOfficina Graf. Morell)
300 _a[8] p. ;
_c71 cm.
505 8 _aContiene: ;
_tJe me suis réveille /
_rdi Léopold Sédar Senghor, dedicata... alla mostra di Salvatore Fiume al Palazzo Reale di Milano
700 1 _aGualazzi, Enzo.
_960288
700 1 _aSenghor, Léopold Sédar.
_9105467
852 _aES-MaACL
_jGF-96
999 _c188321
_d188321